| 000 | 00324nam a2200121Ia 4500 | ||
|---|---|---|---|
| 008 | 220217s9999||||xx |||||||||||||| ||und|| | ||
| 082 | _a374 NAT | ||
| 100 | _aNatarajan, R | ||
| 245 | 0 | _aTechnical education Current and future directions | |
| 260 |
_aICFAI _bNew Delhi _c2005 |
||
| 300 | _b225 | ||
| 650 | _aGENERAL BOOKS | ||
| 999 |
_c174929 _d174929 |
||